| 000 | 00663nam a2200205 u 4500 | ||
|---|---|---|---|
| 005 | 20250205063748.0 | ||
| 008 | 090623s2006 es r 000 0 spa d | ||
| 020 | _a8479787457 | ||
| 035 | _aUPN01000171371 | ||
| 049 | _aCG | ||
| 050 | 4 |
_aHF5549.17 _bG3.5 |
|
| 100 | 1 | _aGan, Federico | |
| 245 | 1 | 0 |
_aManual de instrumentos de gestión y desarrollo de las personas en las organizaciones / _cFederico Gan, Jaume Triginé. |
| 260 |
_aMadrid : _bDíaz de Santos _cc2006. |
||
| 300 |
_axxii, 601 p. : _bcuadros |
||
| 650 | 2 |
_aAdministración de personal _9487 |
|
| 650 | 4 |
_aAdministración industrial _9500 |
|
| 700 | 1 |
_aTriginé, Jaume, _ecoaut. |
|
| 905 | _aLibro | ||
| 999 |
_c143476 _d143476 |
||